| 000 | 00402nam a2200121Ia 4500 | ||
|---|---|---|---|
| 008 | 220216s9999 xx 000 0 und d | ||
| 100 | _aJohn Sajan K | ||
| 245 | 0 | _aLatest developments in processing procedures | |
| 260 | _bSeminar on Developments in Block Rubber Processing, Rubber Research Institute of India, 24th May, 2005.pp.34-41. | ||
| 650 | _aDirt content | ||
| 700 | _aThomas V T | ||
| 942 | _cJS | ||
| 999 |
_c61969 _d61969 |
||